Les 20 duos de défenseurs avec le meilleur % de victoire. - Statistiques

Statistiques générales
  • Ce quiz a été pris 172 fois
  • Le résultat moyen est 15 sur 20
Statistiques - réponses
%
Victoire
Duos
Défenseurs
équipes Matchs % Correct
73 Gerard Pique/ Carles Puyol BarcaEspagne 159
99%
76.6 Marquinhos/ Thiago Silva PSGBrésil 222
99%
70.6 Sergio Ramos/ Pepe Real 252
98%
64.9 Sergio Ramos/ Raphael Varane Real 228
97%
70.5 Virgil Van Dijk/ Joe Gomez Liverpool 105
92%
70 Virgil Van Dijk/ Joel Matip Liverpool 100
92%
67.1 Giorgio Chiellini/ Andrea Barzagli JuventusItalie 225
86%
67.9 Marquinhos/ Presnel Kimpembe PSG 159
86%
60.5 Paolo Maldini/ Alessandro Nesta MilanItalie 195
83%
62.2 Diego Godin/ Jose Maria Gimenez AtleticoUruguay 193
81%
69 Rio Ferdinand/ Nemanja Vidic Man United 197
81%
64.6 Leonardo Bonucci/ Andrea Barzagli JuventusItalie 240
80%
64.6 Rafael Marquez/ Carles Puyol Barca 189
73%
69.2 Rio Ferdinand/ John O'shea Man United 247
73%
69.3 Rio Ferdinand/ Wes Brown Man UnitedAngleterre 179
73%
67.1 John Terry/ Ricardo Carvalho Chelsea 158
67%
64.1 John Terry/ William Gallas Chelsea 184
67%
64.1 Laurent Koscielny/ Per Mertesacker Arsenal 153
31%
63.6 Milan Skriniar/ Alessandro Bastoni Inter 118
26%
66.2 Martin Demichelis/ Lucio Bayern 154
18%
Aucun quiz correspondant
Distribution des résultats
% des personnes avec chaque résultat
Percentile par nombre de réponses
Votre historique - résultats
Vous n’avez pas pris ce quiz